000 00413cam a2200181ua 4500
001 8543
008 170322n II |||gr||||Z||||||eng
040 _aMAIN
041 _aEnglish
082 _a338.5 JHI
100 _aJHINGAN , M.L .
245 _aMICRO ECONOMIC THEORY
260 _a[s.l:
_bs.n.]
_c1985.
300 _a743.
653 _aMicro Economics
700 _aJHINGAN , M.L .,
_eAUTHOR.
942 _cBK
999 _c8520
_d8520